00339nam a2200109Ia 4500008004100000245009800041260003300139260000900172300001000181500001100191650002700202170224s9999 xx 000 0 und d aFinding Near-Optimal Routes for Multiple Security Patrols in a University Campus Road Network bPhilippine Computing Journal c2012 aVII:1 aAugust xInformation Technology